000 00539nam a2200169Ia 4500
008 090711s9999 xx 000 0 und d
082 _b34715
100 _aभिडे गोविंद
245 _aसागरा प्राण तळमळला
260 _c1973
300 _a101
600 _aभिडे गोविंद
630 _aसागरा प्राण तळमळला
700 _aभिडे गोविंद
730 _aसागरा प्राण तळमळला
942 _cBOOK
999 _c332444
_d332444